[Event "Server Championship (CCLA Rules), S71079"]
[Site "CCLA"]
[Date "2017.04.25"]
[Round "?"]
[White "Owens, Johnny"]
[Black "Anderson, Aaron J."]
[Result "0-1"]
[WhiteElo "2196"]
[BlackElo "2291"]

1. d4 Nf6 2. Nf3 g6 3. Bf4 Bg7 4. c3 d6 5. h3 O-O 6. e3 Nbd7 7. Be2 b6 8. 
a4 Bb7 9. O-O a5 10. Nbd2 Re8 11. Qc2 e5 12. dxe5 dxe5 13. Bg3 Qe7 14. Bh4
Nc5 15. Rfd1 h6 16. Bb5 Red8 17. Rab1 g5 18. Bg3 Ne8 19. b4 Nd7 20. bxa5 
Rxa5 21. Nc4 Raa8 22. Bxd7 Rxd7 23. Ncxe5 Rxd1+ 24. Rxd1 Nd6 25. Qb3 Ra5 
26. Nc4 Nxc4 27. Qxc4 Rc5 28. Qg4 f5 29. Qb4 Bxc3 30. Qb3+ Kh7 31. a5 
{White forfeited} 0-1

[Event "Server Championship (CCLA Rules), S71079"]
[Site "CCLA"]
[Date "2017.04.25"]
[Round "?"]
[White "Owens, Johnny"]
[Black "Gredescul, Andrea"]
[Result "0-1"]
[WhiteElo "2196"]
[BlackElo "2202"]

1. d4 d5 2. Bf4 Nf6 3. Nf3 c5 4. c3 Nc6 5. dxc5 e6 6. b4 a5 7. b5 Ne7 8. 
b6 Bd7 9. e3 Rc8 10. Bc7 Rxc7 11. bxc7 Qxc7 12. Nbd2 Nc6 13. Bb5 Bxc5 14. 
c4 O-O 15. O-O h6 16. cxd5 exd5 17. Qa4 Re8 18. Rac1 Qb6 19. h3 Re7 20. 
Rb1 Qa7 21. Rfc1 Bd6 22. a3 Bf5 23. Rb3 Bd7 24. Rbc3 Qb6 25. Qb3 Qa7 26. 
Rb1 Qa8 27. Qc2 Kh8 28. Qb2 a4 29. Rd1 Kg8 30. Nc4 Bc7 31. Bxc6 
{White forfeited} 0-1

[Event "Server Championship (CCLA Rules), S71079"]
[Site "CCLA"]
[Date "2017.04.25"]
[Round "?"]
[White "Owens, Johnny"]
[Black "Carter, Maurice H."]
[Result "0-1"]
[WhiteElo "2196"]
[BlackElo "2171"]

1. d4 e6 2. Nf3 Nf6 3. Bf4 c5 4. c3 d5 5. e3 Bd6 6. Bg3 O-O 7. Nbd2 b6 8. 
Bd3 Bb7 9. Qe2 Ne4 10. Rd1 Be7 11. O-O Nxg3 12. hxg3 c4 13. Bc2 Nd7 14. e4
b5 15. exd5 exd5 16. Ne5 Nxe5 17. dxe5 Qb6 18. Nf3 Rad8 19. Nd4 Rde8 20. 
f4 Bc5 21. Rfe1 Re7 22. g4 f6 23. e6 Rfe8 24. f5 b4 25. Ba4 Rd8 26. Qd2 
Qd6 27. Kf2 h6 28. g3 Qb6 29. Kg2 a6 30. Kh3 Qa5 31. Bd7 Bd6 32. Bc6 bxc3 
33. bxc3 Bxg3 34. Kxg3 Bxc6 35. Kh3 Be8 36. Rb1 Rd6 {White forfeited} 0-1